Catálogo

GERENCIA Y PLANEACION ESTRATEGICA (Registro nro. 12935)

Detalles MARC
000 -LEADER
fixed length control field 00476nam a2200181 a 4500
001 - CONTROL NUMBER
control field 12935
005 - DATE AND TIME OF LATEST TRANSACTION
control field 20180713201246.0
008 - FIXED-LENGTH DATA ELEMENTS--GENERAL INFORMATION
fixed length control field 140415s1993 000 0 spa d
020 ## - INTERNATIONAL STANDARD BOOK NUMBER
International Standard Book Number 9580400385
041 ## - LANGUAGE CODE
Language code of text/sound track or separate title spa
082 ## - DEWEY DECIMAL CLASSIFICATION NUMBER
Classification number 658.4
Item number SAL
100 1# - MAIN ENTRY--PERSONAL NAME
Personal name SALLENAVE, JEAN-PAUL
245 10 - TITLE STATEMENT
Title GERENCIA Y PLANEACION ESTRATEGICA
260 ## - PUBLICATION, DISTRIBUTION, ETC.
Place of publication, distribution, etc. [s.l.] :
Name of publisher, distributor, etc. NORMA,
Date of publication, distribution, etc. 1993
300 ## - PHYSICAL DESCRIPTION
Extent 283
490 ## - SERIES STATEMENT
Series statement DESARROLLO GERENCIAL
650 14 - SUBJECT ADDED ENTRY--TOPICAL TERM
Topical term or geographic name entry element ADMINISTRACION DE EMPRESAS
Existencias
Withdrawn status Lost status Source of classification or shelving scheme Damaged status Not for loan Collection code Home library Current library Shelving location Date acquired Source of acquisition Inventory number Total Checkouts Full call number Barcode Date last seen Date last checked out Price effective from Koha item type
    Dewey Decimal Classification     General Biblioteca Karol Wojtyla Biblioteca Karol Wojtyla Sala general 03/12/2013 Compra 151000000000000000014902   658.4 SAL 42213 05/01/2026 04/11/2016 03/12/2013 Libro
    Dewey Decimal Classification     General Biblioteca Karol Wojtyla Biblioteca Karol Wojtyla Sala general 03/12/2013 Compra 151000000000000000014901   658.4 SAL 29643 05/01/2026   03/12/2013 Libro